| 000 | 00628nam a2200241 a 4500 | ||
|---|---|---|---|
| 001 | nice12345678 | ||
| 003 | IN_TiNIC | ||
| 005 | 20260116013332.0 | ||
| 008 | 050524s1995 dela grp 000 0 eng | ||
| 020 |
_a8185618 _c695 |
||
| 082 | 0 | 0 |
_a294.54 _bHAR |
| 100 | _aHardy, Friedhelm | ||
| 245 |
_aReligious Culture of India _b Power, Love and Wisdom |
||
| 260 |
_aDelhi _bCambridge University Press _c1995 |
||
| 300 | _a613p | ||
| 500 | _aincludes index and biblioraphy | ||
| 505 | 2 | _aIndex | |
| 650 | _aHinduism and Culture | ||
| 700 | 1 | _aHardy, Friedhelm | |
| 902 | _bSRS | ||
| 942 | _cBK | ||
| 999 |
_c10599 _d10599 |
||